000 00704nam a2200205 i 4500
001 38498
003 ES-MaACL
005 20241228191702.0
007 t|
008 030225s1905 sp ||||1| spa d
100 1 _aCamaleño y Cob, Miguel G.
_933975
245 1 0 _aMemoria de las aguas clorurado-sódicas termales de Fitero nuevo /
_cescrita por el Dr. Miguel G. Camaleño y Cob.
260 _aMadrid :
_bHijos de J.A. García,
_c1905.
300 _a47 p., 4 lám. ;
_c23 cm.
650 4 _aAguas minerales-
_zNavarra (Comunidad Autónoma)
_9172337
650 4 _aFuentes termales-
_zNavarra (Comunidad Autónoma)
_9172336
852 _aES-MaACL
_jT-1166-F-8
942 _2udc
999 _c38498
_d38498